[Event "Nizhnij Novgorod Dubinin Memorial 22nd"]
[Site "Nizhnij Novgorod"]
[Date "2015.??.??"]
[Round "2"]
[White "Denisov, Albert"]
[Black "Kozyrev, Daniil"]
[Result "1/2-1/2"]
[WhiteElo "1926"]
[BlackElo "2127"]
[PlyCount "63"]
[EventDate "2015.01.03"]
[EventType "swiss"]
[EventRounds "9"]
[EventCountry "RUS"]
[SourceTitle "CBM 164 Extra"]
[Source "ChessBase"]
[SourceDate "2015.03.02"]
[SourceVersion "1"]
[SourceVersionDate "2015.03.02"]
[SourceQuality "1"]

1. d4 Nf6 2. Nf3 e6 3. Bf4 b6 4. e3 Bb7 5. Bd3 Be7 6. 0-0 0-0 7. h3 c5 8. c3 d5 9. Nbd2 Nbd7 10. Bh2 Ne4 11. Ne5 Nxe5 12. dxe5 f5 13. exf6 Nxf6 14. Qe2 Bd6 15. Bxd6 Qxd6 16. e4 Qf4 17. e5 Ne4 18. Nxe4 dxe4 19. Bc2 Rad8 20. Rad1 Qxe5 21. f3 e3 22. Rxd8 Rxd8 23. f4 Qf6 24. Qxe3 Bd5 25. Rd1 Bxa2 26. Rxd8+ Qxd8 27. Qe4 g6 28. b3 Qd7 29. h4 a5 30. h5 gxh5 31. Qa8+ Kg7 32. Qe4 1/2-1/2

[Event "Nizhnij Novgorod Dubinin Memorial 22nd"]
[Site "Nizhnij Novgorod"]
[Date "2015.??.??"]
[Round "6"]
[White "Yatzenko, Anton"]
[Black "Kozyrev, Daniil"]
[Result "1-0"]
[WhiteElo "2387"]
[BlackElo "2127"]
[PlyCount "65"]
[EventDate "2015.01.03"]
[EventType "swiss"]
[EventRounds "9"]
[EventCountry "RUS"]
[SourceTitle "CBM 164 Extra"]
[Source "ChessBase"]
[SourceDate "2015.03.02"]
[SourceVersion "1"]
[SourceVersionDate "2015.03.02"]
[SourceQuality "1"]

1. e4 Nf6 2. Nc3 d5 3. e5 d4 4. Nce2 Ne4 5. c3 Nc5 6. Nxd4 Qd5 7. Qe2 c6 8. b4 Ne6 9. Nxe6 Bxe6 10. d4 a5 11. b5 c5 12. Be3 cxd4 13. Bxd4 Nd7 14. Qf3 Rc8 15. Qxd5 Bxd5 16. Ne2 e6 17. Nf4 Bc4 18. Be2 Ba3 19. Rb1 Bxe2 20. Kxe2 0-0 21. Nd3 Rc7 22. b6 Rc6 23. Rb5 Ra8 24. Rhb1 a4 25. f4 Kf8 26. Nb4 Bxb4 27. R1xb4 Ke8 28. Kd3 Ra6 29. Rc4 Rxc4 30. Kxc4 Kd8 31. Rb4 Nb8 32. Kb5 Kd7 33. Rc4 1-0

[Event "Nizhnij Novgorod-ch"]
[Site "Nizhnij Novgorod"]
[Date "2014.??.??"]
[Round "9"]
[White "Kozyrev, Daniil"]
[Black "Marsak, Viktor D"]
[Result "1/2-1/2"]
[WhiteElo "2155"]
[BlackElo "1965"]
[PlyCount "77"]
[EventDate "2014.03.??"]
[EventType "swiss"]
[EventRounds "9"]
[EventCountry "RUS"]
[SourceTitle "EXT 2016"]
[Source "ChessBase"]
[SourceDate "2015.10.08"]
[SourceVersion "1"]
[SourceVersionDate "2015.10.08"]
[SourceQuality "1"]

1. e4 e5 2. Nf3 d6 3. d4 f5 4. Nc3 fxe4 5. Nxe4 d5 6. Nxe5 dxe4 7. Qh5+ g6 8. Nxg6 Nf6 9. Qe5+ Kf7 10. Nxh8+ Kg7 11. Bg5 Bd6 12. Bxf6+ Qxf6 13. Qxf6+ Kxf6 14. Bc4 Be6 15. Bxe6 Kxe6 16. 0-0-0 Nd7 17. Rde1 Nf6 18. f3 Bf4+ 19. Kb1 Rxh8 20. fxe4 c5 21. g3 Bb8 22. d5+ Kf7 23. d6 Ke6 24. h3 Bxd6 25. g4 Bg3 26. Re3 Bf4 27. Rf3 Be5 28. Re1 Rd8 29. Rd3 Rd4 30. Rb3 b6 31. Ra3 Bb8 32. Rae3 Bf4 33. Ra3 a5 34. Rb3 Bc7 35. Rbe3 Bf4 36. Rf3 Ke5 37. Rb3 Rd6 38. Rd3 Rd4 39. Rb3 1/2-1/2

[Event "Golden Sands Europe op 2nd"]
[Site "Golden Sands"]
[Date "2013.06.11"]
[Round "2"]
[White "Gavrilov, Alexei"]
[Black "Kozyrev, Daniil"]
[Result "1-0"]
[WhiteElo "2454"]
[BlackElo "2156"]
[PlyCount "61"]
[EventDate "2013.06.10"]
[EventType "swiss"]
[EventRounds "9"]
[EventCountry "BUL"]
[SourceTitle "CBM 154 Extra"]
[Source "ChessBase"]
[SourceDate "2013.06.25"]
[SourceVersion "2"]
[SourceVersionDate "2013.06.25"]
[SourceQuality "1"]

1. d4 Nf6 2. c4 e6 3. Nf3 Bb4+ 4. Nbd2 d5 5. Qa4+ Nc6 6. e3 0-0 7. a3 Bxd2+ 8. Bxd2 Ne4 9. Rd1 Ne7 10. Bd3 Nxd2 11. Rxd2 a6 12. 0-0 b6 13. Rc1 Bb7 14. cxd5 Nxd5 15. Be2 Qe7 16. Rdc2 b5 17. Qa5 Rfc8 18. Ne5 Nb6 19. b3 h6 20. Bf3 Bd5 21. Bxd5 Nxd5 22. h3 Qg5 23. Rc6 h5 24. Nf3 Qf5 25. Rxa6 Rxa6 26. Qxa6 Rb8 27. Qa7 Rb6 28. e4 Qf4 29. Rc5 Nf6 30. Ng5 Nd7 31. Qxc7 1-0

[Event "Golden Sands Europe op 2nd"]
[Site "Golden Sands"]
[Date "2013.06.10"]
[Round "1"]
[White "Kozyrev, Daniil"]
[Black "Rombaldoni, Axel"]
[Result "1/2-1/2"]
[WhiteElo "2156"]
[BlackElo "2484"]
[PlyCount "75"]
[EventDate "2013.06.10"]
[EventType "swiss"]
[EventRounds "9"]
[EventCountry "BUL"]
[SourceTitle "CBM 154 Extra"]
[Source "ChessBase"]
[SourceDate "2013.06.25"]
[SourceVersion "2"]
[SourceVersionDate "2013.06.25"]
[SourceQuality "1"]

1. e4 c5 2. c3 e6 3. d4 d5 4. exd5 exd5 5. Nf3 Nf6 6. Be2 Nbd7 7. 0-0 Be7 8. Bg5 0-0 9. Nbd2 h6 10. Bh4 b6 11. Re1 Bb7 12. Qc2 Rc8 13. Rad1 c4 14. Bf1 b5 15. Ne5 g5 16. Bg3 Ne4 17. Nxe4 dxe4 18. b3 f5 19. Nxd7 Qxd7 20. Be5 Bd5 21. Re3 Rc6 22. bxc4 bxc4 23. Qa4 Rd8 24. Rb1 Rb6 25. Qd1 Qc6 26. Re1 Rd7 27. Qh5 Bf7 28. Qh3 Qg6 29. Rxb6 axb6 30. Qe3 Bd5 31. Rb1 Ra7 32. Qe2 Ra3 33. Qb2 Qc6 34. h4 Kf7 35. Be2 g4 36. h5 e3 37. fxe3 Bxg2 38. Bf1 1/2-1/2

[Event "Kstovo op"]
[Site "Kstovo"]
[Date "2010.09.09"]
[Round "6"]
[White "Yatzenko, Anton"]
[Black "Kozyrev, Daniil"]
[Result "1-0"]
[WhiteElo "2346"]
[BlackElo "2142"]
[PlyCount "79"]
[EventDate "2010.09.04"]
[EventType "swiss"]
[EventRounds "9"]
[EventCountry "RUS"]
[SourceTitle "EXT 2014"]
[Source "ChessBase"]
[SourceDate "2013.11.20"]
[SourceVersion "1"]
[SourceVersionDate "2013.11.20"]
[SourceQuality "1"]

1. Nf3 Nf6 2. c4 e6 3. Nc3 d5 4. d4 Bb4 5. cxd5 exd5 6. Bg5 0-0 7. e3 Bf5 8. Qb3 Bxc3+ 9. bxc3 Nbd7 10. Be2 b6 11. Ne5 Qe7 12. g4 Be4 13. f3 Bg6 14. Nxd7 Qxd7 15. 0-0-0 c5 16. h4 h6 17. Bf4 h5 18. dxc5 bxc5 19. g5 Ne8 20. Rxd5 Qc6 21. e4 Kh8 22. Rhd1 f6 23. Rd7 fxg5 24. Bxg5 Nf6 25. R7d6 Qe8 26. Bb5 Qe5 27. Re6 Qg3 28. e5 c4 29. Qxc4 Rac8 30. Qd4 Qg2 31. Bd2 Rfd8 32. Rd6 Rxd6 33. exd6 a6 34. Bxa6 Ra8 35. Bc4 Qxf3 36. Bb3 Qf5 37. Kb2 Ne4 38. Be3 Qd7 39. Rg1 Qf5 40. d7 1-0

[Event "Kstovo op"]
[Site "Kstovo"]
[Date "2010.09.08"]
[Round "5"]
[White "Kozyrev, Daniil"]
[Black "Podshibikhin, Yuri"]
[Result "1-0"]
[WhiteElo "2142"]
[BlackElo "2061"]
[PlyCount "35"]
[EventDate "2010.09.04"]
[EventType "swiss"]
[EventRounds "9"]
[EventCountry "RUS"]
[SourceTitle "EXT 2014"]
[Source "ChessBase"]
[SourceDate "2013.11.20"]
[SourceVersion "1"]
[SourceVersionDate "2013.11.20"]
[SourceQuality "1"]

1. d4 d5 2. Nc3 Nf6 3. Bg5 Nbd7 4. Qd3 g6 5. 0-0-0 Bg7 6. f3 c6 7. e4 dxe4 8. fxe4 Qa5 9. Nf3 h6 10. Bd2 Ng4 11. Be1 h5 12. Kb1 Bh6 13. h3 Ne3 14. Nd5 Nxd1 15. Bxa5 Nf2 16. Nc7+ Kf8 17. Qe2 Nxh1 18. Nxa8 1-0

[Event "Kstovo op"]
[Site "Kstovo"]
[Date "2010.09.05"]
[Round "2"]
[White "Pristalov, Evgeny"]
[Black "Kozyrev, Daniil"]
[Result "0-1"]
[WhiteElo "2008"]
[BlackElo "2142"]
[PlyCount "54"]
[EventDate "2010.09.04"]
[EventType "swiss"]
[EventRounds "9"]
[EventCountry "RUS"]
[SourceTitle "EXT 2014"]
[Source "ChessBase"]
[SourceDate "2013.11.20"]
[SourceVersion "1"]
[SourceVersionDate "2013.11.20"]
[SourceQuality "1"]

1. e4 d5 2. exd5 Qxd5 3. Nc3 Qd6 4. Nf3 c6 5. d4 Bg4 6. Bc4 e6 7. Be3 Nf6 8. h3 Bh5 9. g4 Bg6 10. Ne5 Be7 11. h4 Nbd7 12. h5 Be4 13. Nxe4 Nxe4 14. Nxd7 Qb4+ 15. c3 Nxc3 16. bxc3 Qxc3+ 17. Bd2 Qxc4 18. Ne5 Qxd4 19. Nf3 Qxg4 20. Qe2 0-0-0 21. Ne5 Qf5 22. Rc1 Rxd2 23. Rxc6+ Kb8 24. Kxd2 Bg5+ 25. Kc3 bxc6 26. Nxc6+ Ka8 27. Rd1 Qc5+ 0-1

[Event "Nizhnij Novgorod-ch"]
[Site "Nizhnij Novgorod"]
[Date "2010.03.??"]
[Round "?"]
[White "Gorozhanin, Mikhail"]
[Black "Kozyrev, Daniil"]
[Result "1/2-1/2"]
[WhiteElo "1940"]
[BlackElo "2173"]
[PlyCount "93"]
[EventDate "2010.03.13"]
[EventType "swiss"]
[EventRounds "9"]
[EventCountry "RUS"]
[SourceTitle "EXT 2022"]
[Source "ChessBase"]
[SourceDate "2021.10.06"]
[SourceVersion "1"]
[SourceVersionDate "2021.10.06"]
[SourceQuality "1"]

1. Nf3 Nf6 2. c4 e6 3. g3 d5 4. Bg2 Be7 5. 0-0 0-0 6. d4 c6 7. Nbd2 Nbd7 8. Qc2 b6 9. e4 dxe4 10. Nxe4 Bb7 11. Rd1 Qc8 12. Ne5 Nxe4 13. Qxe4 Nxe5 14. dxe5 Qc7 15. Be3 Rad8 16. a3 Ba8 17. f4 Rd7 18. Qc2 Rfd8 19. Bf3 Bb7 20. Rxd7 Rxd7 21. c5 Qd8 22. Rd1 Rxd1+ 23. Qxd1 Qxd1+ 24. Bxd1 Bxc5 25. Bxc5 bxc5 26. Kf2 Kf8 27. Ke3 Ke7 28. Be2 Kd7 29. Kd2 Kc7 30. Kc3 Kb6 31. g4 Bc8 32. g5 Kc7 33. Bd3 g6 34. Be2 Kb6 35. Bd3 a5 36. b3 Bd7 37. a4 Bc8 38. Bf1 Bb7 39. Bc4 Bc8 40. Kd3 Kc7 41. Ke4 Kd7 42. Kf3 Ke7 43. Kg4 Kf8 44. h4 Ke7 45. h5 Kf8 46. h6 Ke7 47. Kf3 1/2-1/2

[Event "Nizhnij Novgorod-ch"]
[Site "Nizhnij Novgorod"]
[Date "2010.03.??"]
[Round "?"]
[White "Kozyrev, Daniil"]
[Black "Markelova, Lubov"]
[Result "0-1"]
[WhiteElo "2173"]
[BlackElo "2030"]
[PlyCount "74"]
[EventDate "2010.03.13"]
[EventType "swiss"]
[EventRounds "9"]
[EventCountry "RUS"]
[SourceTitle "EXT 2022"]
[Source "ChessBase"]
[SourceDate "2021.10.06"]
[SourceVersion "1"]
[SourceVersionDate "2021.10.06"]
[SourceQuality "1"]

1. Nf3 b5 2. e4 a6 3. d4 Nf6 4. Bd3 Bb7 5. Qe2 e6 6. 0-0 Be7 7. a4 b4 8. c4 bxc3 9. bxc3 c5 10. e5 Nd5 11. Be4 Qc7 12. Ba3 f5 13. Bxd5 Bxd5 14. c4 Bxf3 15. Qxf3 Nc6 16. Re1 0-0 17. dxc5 Rab8 18. Nc3 Nxe5 19. Qf4 Bf6 20. Qg3 Rfc8 21. c6 Nxc4 22. cxd7 Qxd7 23. Rad1 Qc6 24. Bc1 Rb3 25. Rd3 Ne5 26. Nd5 Nxd3 27. Nxf6+ Kf7 28. Nh5 g6 29. Qg5 e5 30. Qh6 gxh5 31. Qxh7+ Ke6 32. Qg6+ Kd5 33. Qxf5 Nxe1 34. Bf4 Nd3 35. g3 Rb1+ 36. Kg2 Nxf4+ 37. gxf4 Rg8+ 0-1

[Event "Nizhnij Novgorod Dubinin Memorial 17th"]
[Site "Nizhnij Novgorod"]
[Date "2010.??.??"]
[Round "?"]
[White "Sukhinin, Anatoly"]
[Black "Kozyrev, Daniil"]
[Result "0-1"]
[WhiteElo "1937"]
[BlackElo "2195"]
[PlyCount "56"]
[EventDate "2010.01.03"]
[EventType "swiss"]
[EventRounds "9"]
[EventCountry "RUS"]
[SourceTitle "CBM 134 Extra"]
[Source "ChessBase"]
[SourceDate "2010.03.03"]
[SourceVersion "1"]
[SourceVersionDate "2010.03.03"]
[SourceQuality "1"]

1. c4 Nf6 2. Nc3 e5 3. e4 Bc5 4. g3 0-0 5. Bg2 d6 6. Nf3 Nc6 7. 0-0 Bg4 8. h3 Bh5 9. d3 Qd7 10. g4 Bg6 11. Nh4 Nd4 12. Bg5 Ne8 13. Be3 c6 14. a3 Nc7 15. b4 Bb6 16. Ne2 Nce6 17. Nf5 a5 18. Nfxd4 exd4 19. Bd2 f6 20. f4 Bf7 21. bxa5 Bxa5 22. Bxa5 Rxa5 23. f5 Nc7 24. Nxd4 Rfa8 25. a4 d5 26. Nb3 R5a7 27. Qc2 dxc4 28. dxc4 Rxa4 0-1

[Event "Nizhnij Novgorod Voroniatov Memor 6th"]
[Site "Nizhnij Novgorod"]
[Date "2009.05.??"]
[Round "2"]
[White "Kozyrev, Daniil"]
[Black "Gorozhanin, Mikhail"]
[Result "1-0"]
[WhiteElo "2222"]
[BlackElo "1784"]
[PlyCount "23"]
[EventDate "2009.05.03"]
[EventType "swiss"]
[EventRounds "8"]
[EventCountry "RUS"]
[SourceTitle "EXT 2022"]
[Source "ChessBase"]
[SourceDate "2021.10.06"]
[SourceVersion "1"]
[SourceVersionDate "2021.10.06"]
[SourceQuality "1"]

1. d4 Nf6 2. Nf3 g6 3. Nc3 d5 4. Bf4 Bg7 5. Nb5 Na6 6. c4 c6 7. Nc3 Bf5 8. g3 Nb4 9. Rc1 dxc4 10. Bg2 0-0 11. 0-0 Nfd5 12. e4 1-0

[Event "Nizhnij Novgorod Voroniatov Memor 6th"]
[Site "Nizhnij Novgorod"]
[Date "2009.05.??"]
[Round "7"]
[White "Volkov, Ilya2222"]
[Black "Kozyrev, Daniil"]
[Result "0-1"]
[WhiteElo "1714"]
[BlackElo "2222"]
[PlyCount "34"]
[EventDate "2009.05.03"]
[EventType "swiss"]
[EventRounds "8"]
[EventCountry "RUS"]
[SourceTitle "EXT 2022"]
[Source "ChessBase"]
[SourceDate "2021.10.06"]
[SourceVersion "1"]
[SourceVersionDate "2021.10.06"]
[SourceQuality "1"]

1. e4 c5 2. Nf3 Nc6 3. Bb5 d6 4. 0-0 Bd7 5. c3 g6 6. d4 a6 7. Ba4 cxd4 8. cxd4 Bg7 9. Nc3 Nf6 10. d5 Ne5 11. Nxe5 dxe5 12. Bxd7+ Qxd7 13. f3 0-0 14. Be3 b5 15. a3 Ne8 16. Rc1 Nd6 17. Qd3 Nc4 0-1

[Event "Nizhnij Novgorod-ch 61st"]
[Site "Nizhnij Novgorod"]
[Date "2009.03.??"]
[Round "?"]
[White "Kozyrev, Daniil"]
[Black "Vorontsov, Anatoly"]
[Result "1-0"]
[WhiteElo "2198"]
[BlackElo "2038"]
[PlyCount "55"]
[EventDate "2009.03.06"]
[EventType "swiss"]
[EventRounds "9"]
[EventCountry "RUS"]
[SourceTitle "EXT 2010"]
[Source "ChessBase"]
[SourceDate "2010.11.25"]
[SourceVersion "1"]
[SourceVersionDate "2010.11.25"]
[SourceQuality "1"]

1. d4 d5 2. Nf3 Nf6 3. g3 g6 4. Bg2 Bg7 5. 0-0 0-0 6. c4 c6 7. Nc3 dxc4 8. Ne5 Be6 9. e4 Nbd7 10. Qe2 Nxe5 11. dxe5 Nd7 12. f4 Qa5 13. Bd2 f5 14. exf5 Bxf5 15. Qxc4+ Kh8 16. Ne4 Qc7 17. Ng5 h6 18. Ne6 Qb6+ 19. Kh1 Rg8 20. Rad1 Nf8 21. Nxg7 Rxg7 22. Bc3 Ne6 23. Rd7 Re8 24. g4 Bxg4 25. f5 Bxf5 26. Rxf5 gxf5 27. Qxe6 Qc5 28. Qxh6+ 1-0

[Event "Nizhnij Novgorod-ch 61st"]
[Site "Nizhnij Novgorod"]
[Date "2009.03.??"]
[Round "?"]
[White "Milashevskaja, Valentina"]
[Black "Kozyrev, Daniil"]
[Result "0-1"]
[WhiteElo "1854"]
[BlackElo "2198"]
[PlyCount "92"]
[EventDate "2009.03.06"]
[EventType "swiss"]
[EventRounds "9"]
[EventCountry "RUS"]
[SourceTitle "EXT 2010"]
[Source "ChessBase"]
[SourceDate "2010.11.25"]
[SourceVersion "1"]
[SourceVersionDate "2010.11.25"]
[SourceQuality "1"]

1. d4 Nf6 2. Bg5 d5 3. Nf3 e6 4. e3 Be7 5. Bxf6 Bxf6 6. c4 0-0 7. Nc3 c5 8. Be2 Nc6 9. cxd5 cxd4 10. exd4 exd5 11. 0-0 Be6 12. Qd2 Rc8 13. Rfd1 Re8 14. h3 h6 15. Rac1 Qe7 16. Bf1 a6 17. Na4 b5 18. Nc5 Nxd4 19. Nxd4 Rxc5 20. Rxc5 Qxc5 21. Nb3 Qb6 22. Bd3 Rc8 23. Be2 Bg5 24. Qd3 Bf6 25. Qd2 Qd6 26. Bf3 Rc4 27. Bxd5 Bxd5 28. Qxd5 Qxd5 29. Rxd5 Bxb2 30. Rd6 Ra4 31. Nc5 Rxa2 32. Rxa6 Rxa6 33. Nxa6 Ba3 34. Kf1 Bd6 35. Ke2 Kf8 36. Kd3 Ke7 37. Kd4 Ke6 38. Nc5+ Bxc5+ 39. Kxc5 Ke5 40. Kxb5 Kd5 41. Kb6 Kd4 42. Kc7 Kd3 43. Kd7 Ke2 44. Ke7 Kxf2 45. Kxf7 Kxg2 46. Kxg7 h5 0-1

[Event "Nizhnij Novgorod Dubinin Memorial 16th"]
[Site "Nizhnij Novgorod"]
[Date "2009.01.09"]
[Round "7"]
[White "Kozyrev, Daniil"]
[Black "Simagin, Maxim"]
[Result "1-0"]
[WhiteElo "2198"]
[BlackElo "2019"]
[PlyCount "27"]
[EventDate "2009.01.03"]
[EventType "swiss"]
[EventRounds "9"]
[EventCountry "RUS"]
[SourceTitle "EXT 2010"]
[Source "ChessBase"]
[SourceDate "2010.11.25"]
[SourceVersion "1"]
[SourceVersionDate "2010.11.25"]
[SourceQuality "1"]

1. d4 e6 2. c4 f5 3. Nc3 Nf6 4. Nf3 Bb4 5. g3 0-0 6. Bg2 d6 7. 0-0 Nbd7 8. Qc2 Qe8 9. Nb5 Ba5 10. b4 a6 11. bxa5 axb5 12. cxb5 Rxa5 13. Qxc7 Rxb5 14. Qxd6 1-0